Capitales européennes en images #3 - Statistiques

Statistiques générales
  • Ce quiz a été pris 49 fois
  • Le résultat moyen est 3 sur 10
Statistiques - réponses
Par images Réponse % Correct
Monaco
85%
Luxembourg
51%
Berne
41%
Vatican
36%
Bratislava
31%
Sofia
31%
Dublin
21%
Zagreb
21%
Bucarest
18%
Kiev
10%
Aucun quiz correspondant
Distribution des résultats
% des personnes avec chaque résultat
Percentile par nombre de réponses
Votre historique - résultats
Vous n’avez pas pris ce quiz